00331nam a2200109Ia 4500008004100000020002400041245006300065260001200128260004600140260001500186300002000201191206s9999 xx 000 0 und d a3772014712 (pbk.) : 0aConrad's Narrative Voice: Stylistic aspects of his fiction aFrancke bSchweizer anglistische Arbeiten ; Bd. 100 cccop. 1980 a216 p. ; 23 cm.